000 00861 a2200217 4500
008 080820t xxu||||| |||| 00| 0 eng d
010 _aENG-84854
020 _a8120330943
_c525.00
035 _aEN-68387
037 _bD.B.Act / Pub
082 _a620.5
245 _aNanometer structures
_btheory, modeling, and simulation
_cedited by Akhlesh Lakhtakia
260 _aNew Delhi
_bPrentice-Hall of India
_c2007
270 _aM-97, Connaught Place
_bNew Delhi
_cDelhi
_e110001
300 _axiii, 474 p.
_bill.
_c24 cm.
500 _aIncludes bibliographical references and index
650 _aNanotechnology
700 _aLakhtakia, A.
942 _adpl
_cEN
_k620.5 / HAN
_2ddc
_h620.5
_m HAN
999 _c564
_d564